The Christian family. (Record no. 13233)

000 -LEADER
fixed length control field 01288nam a2200277 a 4500
001 - CONTROL NUMBER
control field :::00011051$&:&@@
003 - CONTROL NUMBER IDENTIFIER
control field OkBaRHE
005 - DATE AND TIME OF LATEST TRANSACTION
control field 20110913210208.0
008 - FIXED-LENGTH DATA ELEMENTS--GENERAL INFORMATION
fixed length control field s1970 g 000 0 eng u
020 ## - INTERNATIONAL STANDARD BOOK NUMBER
International Standard Book Number 0871230631
040 ## - CATALOGING SOURCE
Transcribing agency
100 1# - MAIN ENTRY--PERSONAL NAME
Personal name Christenson, Larry.
9 (RLIN) 1316
245 14 - TITLE STATEMENT
Title The Christian family.
260 ## - PUBLICATION, DISTRIBUTION, ETC. (IMPRINT)
Place of publication, distribution, etc Minneapolis, MN., :
Name of publisher, distributor, etc Bethany House Publishers
Date of publication, distribution, etc c1970
300 ## - PHYSICAL DESCRIPTION
Extent 216 p. ;
Dimensions 21 cm.
650 ## - SUBJECT ADDED ENTRY--TOPICAL TERM
Topical term or geographic name as entry element Family
General subdivision Religious Life
9 (RLIN) 1317
650 ## - SUBJECT ADDED ENTRY--TOPICAL TERM
Topical term or geographic name as entry element Marriage
9 (RLIN) 1318
942 ## - ADDED ENTRY ELEMENTS (KOHA)
Source of classification or shelving scheme
Koha item type Books
Copies
Damaged status Copy number Shelving location Price effective from Lost status Date acquired Permanent Location Barcode Koha item type Date last seen Full call number Current Location Source of classification or shelving scheme Withdrawn status Not for loan
 1General Stacks2010-04-14 2010-04-14RHEMA Bible Training College11051Books2010-04-14BV 4526.2 .C45    
 2General Stacks2010-04-14 2010-04-14RHEMA Bible Training College16942Books2010-04-14BV 4526.2 .C45    
 3General Stacks2010-04-14 2010-04-14RHEMA Bible Training College18867Books2010-04-14BV 4526.2 .C45    
 4General Stacks2010-04-14 2010-04-14RHEMA Bible Training College19411Books2010-04-14BV 4526.2 .C45    
 5General Stacks2011-09-13 2011-09-13RHEMA Bible Training College11050Books2011-09-13BV 4526.2 .C45RHEMA Bible Training College   
 6General Stacks2011-09-13 2011-09-13RHEMA Bible Training College20412Books2011-09-13BV 4526.2 .C45 1974RHEMA Bible Training College   
 7General Stacks2011-09-13 2011-09-13RHEMA Bible Training College22074Books2011-09-13BV 4526.2 .C45RHEMA Bible Training College